[Event "6th EUR-ch (w)"]
[Site "Chisinau MDA"]
[Date "2005.06.22"]
[Round "11"]
[White "Vetrila, Sanda"]
[Black "Talmazan, Olga"]
[Result "1-0"]
[WhiteElo "1911"]
[BlackElo "2013"]
[EventDate "2005.06.10"]
[PlyCount "219"]

1.e4 c6 2.d4 d5 3.Nc3 dxe4 4.Nxe4 Bf5 5.Nc5 Nd7 6.Bd3 Nxc5 7.Bxf5 e6 8.Bh3
Nd7 9.Nf3 Bd6 10.g3 Ngf6 11.Qe2 Qe7 12.O-O O-O 13.Re1 c5 14.c3 Nb6 15.Bg2 
Rfd8 16.Bg5 h6 17.Bxf6 Qxf6 18.dxc5 Bxc5 19.Ne5 Rab8 20.Nf3 Nd5 21.Rad1 
Rd6 22.c4 Nb4 23.Rxd6 Bxd6 24.Rd1 Be7 25.Ne5 Rd8 26.Rxd8+ Bxd8 27.a3 Na6 
28.Bxb7 Nc5 29.Bg2 Nb3 30.Nf3 Bb6 31.Qc2 Na1 32.Qe2 Nb3 33.h3 Qf5 34.Qd1 
Na5 35.Bf1 Qc5 36.Qc2 Nb3 37.Ne1 Na1 38.Qe2 a5 39.Nc2 Nb3 40.Ne3 Qd4 41.
Nd1 e5 42.Nc3 Bc5 43.Nb5 Qd2 44.Qxd2 Nxd2 45.Kg2 f5 46.Nc3 Bd4 47.Na4 Nb3 
48.Bd3 e4 49.Bc2 Nd2 50.c5 Kf7 51.b4 axb4 52.axb4 Ke6 53.g4 f4 54.Nb6 f3+ 
55.Kg3 e3 56.fxe3 Bxe3 57.Bd3 f2 58.Kg2 Bd4 59.Nc4 Nb3 60.Na3 Na1 61.Nb5 
Be3 62.Kf3 Nc2 63.Ke2 Nxb4 64.Bc4+ Nd5 65.Nc7+ Ke5 66.Nxd5 Bxc5 67.Ne3 Kf4
68.Nf1 g6 69.Be6 h5 70.Nd2 Kg3 71.Nf1+ Kf4 72.Bc8 Bb6 73.Bd7 h4 74.Be8 g5 
75.Bc6 Ba7 76.Bg2 Bb6 77.Nd2 Kg3 78.Bf1 Kf4 79.Nc4 Bc5 80.Nb2 Bd4 81.Nd1 
Kg3 82.Kd3 Bb6 83.Ne3 Ba7 84.Nf5+ Kf3 85.Nd4+ Kf4 86.Ne6+ Ke5 87.Nxg5 Kf6 
88.Nf3 Bb6 89.Nxh4 Kg5 90.Ng2 Bc5 91.Ke2 Bb6 92.Kf3 Bc5 93.h4+ Kh6 94.Ne3 
Bb6 95.Kxf2 Bd8 96.Kg3 Bc7+ 97.Kh3 Bf4 98.Nf5+ Kg6 99.Kg2 Bc1 100.Bd3 Kf6 
101.Kf3 Kg6 102.h5+ Kf6 103.Ne3 Kg5 104.Nf5 Kf6 105.Ng3 Kg5 106.Ne4+ Kh6 
107.Kg3 Ba3 108.Kh4 Be7+ 109.g5+ Kg7 110.h6+ 1-0

[Event "6th EUR-ch (w)"]
[Site "Chisinau MDA"]
[Date "2005.06.23"]
[Round "12"]
[White "Lahno, Kateryna"]
[Black "Danielian, Elina"]
[Result "1/2-1/2"]
[WhiteElo "2467"]
[BlackElo "2415"]
[EventDate "2005.06.10"]
[PlyCount "35"]

1.e4 c6 2.d4 d5 3.Nc3 dxe4 4.Nxe4 Nd7 5.Ng5 Ngf6 6.Bd3 e6 7.N1f3 Bd6 8.Qe2
h6 9.Ne4 Nxe4 10.Qxe4 Nf6 11.Qe2 Qc7 12.Bd2 b6 13.O-O-O Bb7 14.Ne5 c5 15.
Bb5+ Ke7 16.dxc5 bxc5 17.Rhe1 Ne4 18.Nc4 1/2-1/2

[Event "6th EUR-ch (w)"]
[Site "Chisinau MDA"]
[Date "2005.06.23"]
[Round "12"]
[White "Dembo, Yelena"]
[Black "Kosintseva, Nadezhda"]
[Result "1/2-1/2"]
[WhiteElo "2402"]
[BlackElo "2459"]
[EventDate "2005.06.10"]
[PlyCount "53"]

1.e4 c5 2.Nf3 Nc6 3.Bb5 g6 4.O-O Bg7 5.c3 Nf6 6.e5 Nd5 7.d4 cxd4 8.cxd4 
O-O 9.Nc3 Nc7 10.Re1 Nxb5 11.Nxb5 a6 12.Nc3 d6 13.exd6 exd6 14.h3 h6 15.
Be3 Bf5 16.a3 g5 17.d5 Ne5 18.Nxe5 dxe5 19.Qb3 b5 20.a4 bxa4 21.Qxa4 Bd7 
22.Qa5 f5 23.Bc5 Re8 24.Qxd8 Rexd8 25.f3 Bb5 26.Bb6 Rf8 27.Nxb5 1/2-1/2

[Event "6th EUR-ch (w)"]
[Site "Chisinau MDA"]
[Date "2005.06.23"]
[Round "12"]
[White "Radziewicz, Iweta"]
[Black "Houska, Jovanka"]
[Result "1/2-1/2"]
[WhiteElo "2457"]
[BlackElo "2334"]
[EventDate "2005.06.10"]
[PlyCount "25"]

1.Nf3 d5 2.c4 c6 3.e3 Nf6 4.Nc3 e6 5.d4 Nbd7 6.Bd3 dxc4 7.Bxc4 b5 8.Bd3 b4
9.Ne4 Nxe4 10.Bxe4 Bb7 11.a3 Qb6 12.Bd2 c5 13.Bxb7 1/2-1/2

[Event "6th EUR-ch (w)"]
[Site "Chisinau MDA"]
[Date "2005.06.23"]
[Round "12"]
[White "Kosintseva, Tatiana"]
[Black "Purtseladze, Maka"]
[Result "1/2-1/2"]
[WhiteElo "2486"]
[BlackElo "2311"]
[EventDate "2005.06.10"]
[PlyCount "92"]

1.e4 c6 2.d4 d5 3.e5 Bf5 4.Be3 e6 5.Nd2 Qb6 6.Nb3 Nd7 7.Be2 Ne7 8.f4 a5 9.
a4 Be4 10.Nf3 Nf5 11.Bf2 Bb4+ 12.c3 Be7 13.O-O Bxf3 14.Bxf3 h5 15.Rc1 g5 
16.c4 gxf4 17.c5 Qd8 18.Bxh5 Bh4 19.Qg4 Qg5 20.Bxh4 Qxh4 21.Qxh4 Nxh4 22.
Bd1 Ng6 23.Rc3 Ke7 24.Bc2 Ndf8 25.Nc1 Rb8 26.Ne2 Rh4 27.Rcf3 b5 28.axb5 
Rxb5 29.b3 Rb4 30.g3 Rh7 31.gxf4 Nh4 32.Rg3 Nf5 33.Bxf5 exf5 34.Ra1 Ne6 
35.Rd3 Rb5 36.Rf1 Rb4 37.Kh1 Rh4 38.Ng3 Rxf4 39.Nxf5+ Kd7 40.Rxf4 Nxf4 41.
Rf3 Ne2 42.Ng7 Ke7 43.Nf5+ Ke6 44.Ng7+ Ke7 45.Nf5+ Ke6 46.Ng7+ Ke7 1/2-1/2

[Event "6th EUR-ch (w)"]
[Site "Chisinau MDA"]
[Date "2005.06.23"]
[Round "12"]
[White "Socko, Monika"]
[Black "Vasylevich, Tatiana"]
[Result "1-0"]
[WhiteElo "2464"]
[BlackElo "2395"]
[EventDate "2005.06.10"]
[PlyCount "111"]

1.g3 d5 2.Bg2 Nf6 3.Nf3 b5 4.O-O Bb7 5.d3 e6 6.Nbd2 Be7 7.Qe1 Nbd7 8.e4 
dxe4 9.dxe4 e5 10.Qe2 a6 11.b3 O-O 12.Bb2 Bb4 13.a3 Bd6 14.Rfd1 Qe7 15.Nh4
g6 16.c4 b4 17.axb4 Bxb4 18.Nhf3 Rfd8 19.Ra2 Ne8 20.Nf1 f6 21.Ne1 Nc5 22.
Rb1 Nd6 23.Nc2 a5 24.Nxb4 axb4 25.Rxa8 Bxa8 26.Nd2 Qd7 27.Qe3 Ndb7 28.Nf1 
Qc6 29.f4 Rd3 30.Qe2 Nd6 31.fxe5 Ndxe4 32.exf6 Qb6 33.Kh1 Qe6 34.Re1 h5 
35.f7+ Qxf7 36.Kg1 Qd7 37.Ba1 Bb7 38.Be5 Qe7 39.Bf4 Qd7 40.Be3 Nc3 41.Qf2 
N5e4 42.Qc2 Rd6 43.Bf4 Ra6 44.Bxe4 Qd4+ 45.Be3 Qxe4 46.Qxe4 Bxe4 47.Nd2 
Bd3 48.Bc5 Ra2 49.Bxb4 Ne2+ 50.Kf2 c5 51.Bxc5 Nc3 52.Ke3 Bc2 53.Rc1 Nd1+ 
54.Ke2 Nc3+ 55.Ke1 Rb2 56.Bd4 1-0

[Event "6th EUR-ch (w)"]
[Site "Chisinau MDA"]
[Date "2005.06.23"]
[Round "12"]
[White "Jackova, Jana"]
[Black "Cmilyte, Viktorija"]
[Result "1/2-1/2"]
[WhiteElo "2406"]
[BlackElo "2459"]
[EventDate "2005.06.10"]
[PlyCount "66"]

1.e4 c5 2.Nf3 Nc6 3.Bb5 g6 4.Bxc6 dxc6 5.d3 Bg7 6.h3 Nf6 7.Nc3 O-O 8.Be3 
b6 9.Bf4 Nd7 10.e5 f6 11.Qe2 fxe5 12.Bh2 a5 13.O-O Rf5 14.Rae1 Qf8 15.Nd1 
Ba6 16.Ne3 e4 17.Nxf5 gxf5 18.c4 Qf7 19.Nd2 exd3 20.Qxd3 Bd4 21.Qg3+ Kh8 
22.Qc7 e5 23.Nf3 e4 24.Ne5 Nxe5 25.Bxe5+ Kg8 26.b3 Qxc7 27.Bxc7 b5 28.Rc1 
e3 29.Rc2 exf2+ 30.Kh2 bxc4 31.bxc4 Re8 32.Bg3 Re4 33.Bxf2 Bxc4 1/2-1/2

[Event "6th EUR-ch (w)"]
[Site "Chisinau MDA"]
[Date "2005.06.23"]
[Round "12"]
[White "Lomineishvili, Maia"]
[Black "Skripchenko, Almira"]
[Result "1/2-1/2"]
[WhiteElo "2396"]
[BlackElo "2453"]
[EventDate "2005.06.10"]
[PlyCount "108"]

1.d4 Nf6 2.c4 e6 3.Nc3 Bb4 4.e3 O-O 5.Bd3 d5 6.Nf3 b6 7.O-O Bb7 8.cxd5 
exd5 9.a3 Bd6 10.b4 Re8 11.Qb3 Nbd7 12.a4 c6 13.Ba3 Ne4 14.b5 c5 15.Nxd5 
cxd4 16.Bxe4 Rxe4 17.Bxd6 Nc5 18.Bxc5 Bxd5 19.Qd3 bxc5 20.exd4 c4 21.Qc3 
Rg4 22.Rfd1 Qf6 23.Ra3 Qg6 24.g3 Qh5 25.Qe3 f6 26.Re1 Qh3 27.Qe7 Rxd4 28.
Qc5 Rd2 29.Rae3 h6 30.Nh4 Kh7 31.Re7 Rg8 32.Qe3 Rd3 33.Qf4 c3 34.Qxf6 Qg4 
35.Nf5 Qg6 36.Qxg6+ Kxg6 37.R7e5 Bf3 38.Nh4+ Kh7 39.Nxf3 Rxf3 40.Rc1 Rc8 
41.Rc2 Rd3 42.Re3 Rd1+ 43.Kg2 Ra1 44.Re4 Rb1 45.Re3 Rb3 46.Kf3 Rc4 47.Re4 
Rbb4 48.Rxc4 Rxc4 49.a5 Rc5 50.b6 axb6 51.axb6 Rb5 52.Rxc3 Rxb6 53.Rc4 Kg6
54.h4 h5 1/2-1/2

[Event "6th EUR-ch (w)"]
[Site "Chisinau MDA"]
[Date "2005.06.23"]
[Round "12"]
[White "Arakhamia-Grant, Ketevan"]
[Black "Vajda, Szidonia"]
[Result "1-0"]
[WhiteElo "2452"]
[BlackElo "2391"]
[EventDate "2005.06.10"]
[PlyCount "95"]

1.e4 c5 2.Nf3 d6 3.d4 cxd4 4.Nxd4 Nf6 5.Nc3 a6 6.f3 e5 7.Nb3 Be6 8.Be3 
Nbd7 9.g4 Be7 10.Qd2 O-O 11.O-O-O b5 12.g5 Nh5 13.Nd5 Bxd5 14.exd5 f5 15.
gxf6 Bxf6 16.Na5 Nf4 17.Kb1 Nb6 18.c4 bxc4 19.Qb4 Nd7 20.Nc6 Qc7 21.Qxc4 
Rfc8 22.h4 Kh8 23.Qe4 Nxd5 24.Bd3 Nf8 25.Qxd5 Qxc6 26.Qxc6 Rxc6 27.Be4 
Rac8 28.Bxc6 Rxc6 29.Rc1 Rxc1+ 30.Rxc1 Bxh4 31.b4 Kg8 32.Rc6 Be1 33.a3 d5 
34.Rxa6 h5 35.Rc6 h4 36.Rc1 Bg3 37.b5 d4 38.Bd2 Nd7 39.a4 h3 40.a5 e4 41.
fxe4 h2 42.a6 Bb8 43.Ba5 g5 44.b6 Nxb6 45.Bxb6 g4 46.a7 Bxa7 47.Bxa7 g3 
48.Bb8 1-0

[Event "6th EUR-ch (w)"]
[Site "Chisinau MDA"]
[Date "2005.06.23"]
[Round "12"]
[White "Sedina, Elena"]
[Black "Zdebskaya, Natalia"]
[Result "1/2-1/2"]
[WhiteElo "2422"]
[BlackElo "2344"]
[EventDate "2005.06.10"]
[PlyCount "130"]

1.e4 d6 2.d4 Nf6 3.Nc3 g6 4.f4 Bg7 5.Nf3 O-O 6.a3 Na6 7.e5 Nd7 8.Be3 c5 9.
Bxa6 bxa6 10.dxc5 Nxc5 11.Bxc5 dxc5 12.O-O Qb6 13.Nd5 Qb7 14.c4 Be6 15.Qe2
Bxd5 16.cxd5 Qxd5 17.Qxa6 Qe4 18.g3 Rfb8 19.Rae1 Qb7 20.Qxb7 Rxb7 21.Rf2 
Rab8 22.Ree2 h6 23.Rc2 Rb5 24.h4 Bf8 25.Rfd2 e6 26.Kf2 c4 27.Nd4 Bc5 28.
Kg2 Bxd4 29.Rxd4 Rxb2 30.Rxc4 Rxc2+ 31.Rxc2 Rb3 32.a4 Rb4 33.a5 Rb5 34.Ra2
h5 35.Ra3 a6 36.Kf3 Kf8 37.Ke3 Rd5 38.Ra4 Ke7 39.Rb4 Rxa5 40.Rb7+ Kf8 41.
Ra7 Ra3+ 42.Kf2 a5 43.Kg2 a4 44.Kf2 Ra2+ 45.Kf3 a3 46.Ke3 Ra1 47.Kf2 a2 
48.Kg2 Ke8 49.Ra8+ Kd7 50.Ra7+ Kc6 51.Ra6+ Kc5 52.Ra5+ Kd4 53.Ra4+ Ke3 54.
Ra3+ Ke4 55.Ra7 Kf5 56.Rxf7+ Kg4 57.Ra7 Rb1 58.Rxa2 Rb3 59.Ra6 Rxg3+ 60.
Kf2 Rf3+ 61.Kg2 Rxf4 62.Rxe6 Kf5 63.Rf6+ Kxe5 64.Rxg6 Rxh4 65.Kg3 Rg4+ 
1/2-1/2

[Event "6th EUR-ch (w)"]
[Site "Chisinau MDA"]
[Date "2005.06.23"]
[Round "12"]
[White "Shumiakina, Tatiana"]
[Black "Sebag, Marie"]
[Result "0-1"]
[WhiteElo "2316"]
[BlackElo "2417"]
[EventDate "2005.06.10"]
[PlyCount "102"]

1.Nf3 d5 2.c4 c6 3.e3 Nf6 4.Nc3 a6 5.d4 b5 6.b3 Bg4 7.Be2 Nbd7 8.h3 Bh5 9.
O-O Qb8 10.cxd5 cxd5 11.Bb2 e6 12.Ne5 Bxe2 13.Nxe2 Bd6 14.Nxd7 Nxd7 15.Qd3
O-O 16.Rfc1 Qb7 17.Rc2 Nb6 18.Rac1 b4 19.Kf1 Qd7 20.Ng1 a5 21.Nf3 f6 22.e4
dxe4 23.Qxe4 Nd5 24.Re1 Rfe8 25.Nd2 a4 26.Nc4 a3 27.Bc1 Rad8 28.Qf3 Bb8 
29.Bd2 Ba7 30.Qe4 Qb5 31.Kg1 Nc7 32.Be3 Qd5 33.Qxd5 Nxd5 34.Na5 Rd6 35.Nc6
Bb6 36.Bd2 Kf7 37.Rc4 Rc8 38.Rec1 Nc3 39.Bxc3 bxc3 40.R1xc3 Ke8 41.b4 Ra8 
42.b5 Kd7 43.Kf1 Rd5 44.Rb3 e5 45.dxe5 Rd2 46.e6+ Ke8 47.Nb4 Rxf2+ 48.Ke1 
Rb2 49.Rg3 Bf2+ 50.Kd1 Bxg3 51.b6 Bf2 0-1

[Event "6th EUR-ch (w)"]
[Site "Chisinau MDA"]
[Date "2005.06.23"]
[Round "12"]
[White "Slavina, Irina"]
[Black "Ovod, Evgenia"]
[Result "1/2-1/2"]
[WhiteElo "2415"]
[BlackElo "2305"]
[EventDate "2005.06.10"]
[PlyCount "56"]

1.d4 Nf6 2.c4 e6 3.Nf3 b6 4.Nc3 Bb4 5.Qb3 c5 6.Bg5 Bb7 7.e3 cxd4 8.exd4 
Na6 9.Be2 O-O 10.O-O Bxc3 11.bxc3 d6 12.a4 Qc7 13.Bxf6 gxf6 14.a5 Nb8 15.
axb6 axb6 16.Rxa8 Bxa8 17.Ra1 Nd7 18.Nd2 Rc8 19.Ra3 Bb7 20.Qa2 Qd8 21.Bf3 
Bxf3 22.Nxf3 Kf8 23.h3 Ke7 24.Nd2 f5 25.Ra7 Rc7 26.Ra8 Rc8 27.Ra7 Rc7 28.
Ra8 Rc8 1/2-1/2

[Event "6th EUR-ch (w)"]
[Site "Chisinau MDA"]
[Date "2005.06.23"]
[Round "12"]
[White "Dzagnidze, Nana"]
[Black "Melnikova, Yana"]
[Result "1/2-1/2"]
[WhiteElo "2482"]
[BlackElo "2301"]
[EventDate "2005.06.10"]
[PlyCount "81"]

1.Nf3 g6 2.c4 Bg7 3.Nc3 d6 4.g3 e5 5.Bg2 Nc6 6.O-O f5 7.d3 Nf6 8.Bg5 O-O 
9.Nd5 a5 10.Nd2 Ne7 11.Bxf6 Bxf6 12.Nxf6+ Rxf6 13.a3 c6 14.b4 axb4 15.axb4
Be6 16.Nb3 Rf8 17.Qd2 Qc7 18.Qc3 Bf7 19.f4 Rxa1 20.Rxa1 exf4 21.gxf4 d5 
22.e3 dxc4 23.dxc4 Nc8 24.Ra8 Rd8 25.c5 Ne7 26.Qe5 Qd7 27.Rxd8+ Qxd8 28.
Nd4 Bd5 29.Bxd5+ Nxd5 30.Ne6 Qe7 31.b5 h6 32.bxc6 bxc6 33.Nd4 Qxc5 34.Qe8+
Kh7 35.Qf7+ Kh8 36.Qxg6 Qc1+ 37.Kg2 Qd2+ 38.Kh1 Qe1+ 39.Qg1 Qxe3 40.Qxe3 
Nxe3 41.Nxc6 1/2-1/2

[Event "6th EUR-ch (w)"]
[Site "Chisinau MDA"]
[Date "2005.06.23"]
[Round "12"]
[White "Bojkovic, Natasa"]
[Black "Gaponenko, Inna"]
[Result "1-0"]
[WhiteElo "2371"]
[BlackElo "2482"]
[EventDate "2005.06.10"]
[PlyCount "63"]

1.e4 c5 2.Nf3 d6 3.d4 cxd4 4.Nxd4 Nf6 5.Nc3 g6 6.Be2 Bg7 7.O-O Nc6 8.Nb3 
O-O 9.Re1 a6 10.Bg5 h6 11.Bh4 b5 12.Bf1 Nd7 13.Rb1 g5 14.Bg3 Nde5 15.Ne2 
Qb6 16.c3 f5 17.Bxe5 Bxe5 18.Ned4 fxe4 19.Rxe4 Bb7 20.Re2 Rf6 21.Qd3 Raf8 
22.Rd1 Nd8 23.Nd2 R6f7 24.Rde1 Bc8 25.N2f3 Bf6 26.Nc2 g4 27.Nd2 Nc6 28.Ne3
Ne5 29.Qc2 Bg5 30.Ne4 Bxe3 31.Rxe3 Bf5 32.Bd3 1-0

[Event "6th EUR-ch (w)"]
[Site "Chisinau MDA"]
[Date "2005.06.23"]
[Round "12"]
[White "Peptan, Corina-Isabela"]
[Black "Ushenina, Anna"]
[Result "0-1"]
[WhiteElo "2435"]
[BlackElo "2350"]
[EventDate "2005.06.10"]
[PlyCount "126"]

1.e4 c5 2.Nf3 Nc6 3.Bb5 g6 4.O-O Bg7 5.c3 Nf6 6.Re1 O-O 7.a3 a6 8.Bf1 d6 
9.h3 e5 10.d3 h6 11.Nbd2 Be6 12.b4 cxb4 13.axb4 d5 14.Bb2 Qc7 15.Qb1 Rfe8 
16.Rc1 Rad8 17.c4 d4 18.Ba3 Nd7 19.b5 Ncb8 20.c5 axb5 21.Qxb5 Nc6 22.Be2 
Ra8 23.Nc4 Bxc4 24.Qxc4 Ra5 25.Nh4 Rea8 26.Bb2 Rxa1 27.Bxa1 Ra5 28.Qd5 
Nxc5 29.Rxc5 Rxa1+ 30.Kh2 Qe7 31.Nf3 Rb1 32.Rc2 Qa3 33.Nd2 Re1 34.Ra2 Qf8 
35.Nf3 Rb1 36.Qc4 Rb4 37.Qc1 Kh7 38.Bd1 Qd6 39.g3 Qe6 40.Ra4 Rxa4 41.Bxa4 
Qa2 42.Qc2 Qxc2 43.Bxc2 Nb4 44.Bb1 Kg8 45.Kg1 Kf8 46.Kf1 Ke7 47.Ke2 Kd6 
48.Kd1 h5 49.Kc1 Bh6+ 50.Kb2 b5 51.Kb3 Na6 52.Bc2 Ke6 53.Bb1 f5 54.Nh4 Kf6
55.Bc2 fxe4 56.dxe4 Nc5+ 57.Kb4 d3 58.Bd1 Nxe4 59.f4 exf4 60.gxf4 Nf2 61.
Bf3 d2 62.Nxg6 Kxg6 63.f5+ Kg5 0-1

[Event "6th EUR-ch (w)"]
[Site "Chisinau MDA"]
[Date "2005.06.23"]
[Round "12"]
[White "Hryhorenko, Natalia"]
[Black "Javakhishvili, Lela"]
[Result "0-1"]
[WhiteElo "2294"]
[BlackElo "2430"]
[EventDate "2005.06.10"]
[PlyCount "104"]

1.d4 Nf6 2.Nf3 e6 3.Bg5 c5 4.e3 d5 5.Nbd2 Nbd7 6.c3 Qc7 7.Bd3 c4 8.Bc2 b5 
9.e4 dxe4 10.Nxe4 Bb7 11.Nxf6+ gxf6 12.Bh4 Bd5 13.Qe2 Qb7 14.Bg3 h5 15.Nh4
O-O-O 16.b3 Nb6 17.bxc4 Nxc4 18.a4 b4 19.O-O bxc3 20.Bd3 Qc6 21.Rfc1 Bb4 
22.a5 Kd7 23.a6 Rc8 24.Rab1 Qa4 25.f4 Qa5 26.f5 Nd2 27.fxe6+ fxe6 28.Bb5+ 
Kd8 29.Ng6 Nxb1 30.Nxh8 Qa3 31.Rf1 c2 32.Qxh5 Qe3+ 33.Kh1 Bc6 34.Nf7+ Kd7 
35.Ne5+ fxe5 36.Rf7+ Be7 37.Rxe7+ Kxe7 38.Qh7+ Kd6 39.dxe5+ Kc5 40.Qxc2+ 
Kxb5 41.Qxb1+ Kxa6 42.Qa2+ Kb7 43.Bf2 Qc1+ 44.Bg1 Bxg2+ 45.Qxg2+ Qc6 46.
Qxc6+ Rxc6 47.Kg2 a5 48.Bd4 a4 49.Kg3 a3 50.h4 Rc4 51.Ba1 Rc1 52.Bd4 Rd1 
0-1

[Event "6th EUR-ch (w)"]
[Site "Chisinau MDA"]
[Date "2005.06.23"]
[Round "12"]
[White "Kachiani-Gersinska, Ketino"]
[Black "Vasilevich, Irina"]
[Result "0-1"]
[WhiteElo "2418"]
[BlackElo "2347"]
[EventDate "2005.06.10"]
[PlyCount "56"]

1.d4 d5 2.c4 e6 3.Nf3 Nf6 4.g3 dxc4 5.Bg2 Bb4+ 6.Bd2 a5 7.O-O O-O 8.Qc2 b6
9.Ne5 Ra7 10.Rd1 Bb7 11.Bxb7 Rxb7 12.Qxc4 c5 13.dxc5 Bxc5 14.Nc3 Qc7 15.
Bf4 Nbd7 16.Qa6 Nxe5 17.Bxe5 Bxf2+ 18.Kf1 Qc6 19.Bxf6 Be3 20.Nd5 exd5 21.
Bd4 Re7 22.Qd3 Qh6 23.Bxe3 Rxe3 24.Qd2 Rfe8 25.Rac1 Qh3+ 26.Ke1 d4 27.Rc3 
Qg2 28.Rxe3 Qg1# 0-1

[Event "6th EUR-ch (w)"]
[Site "Chisinau MDA"]
[Date "2005.06.23"]
[Round "12"]
[White "Foisor, Cristina"]
[Black "Zakurdyaeva, Irina"]
[Result "1-0"]
[WhiteElo "2406"]
[BlackElo "2260"]
[EventDate "2005.06.10"]
[PlyCount "81"]

1.d4 e6 2.c4 b6 3.a3 Bb7 4.Nc3 Nf6 5.d5 exd5 6.cxd5 Bd6 7.g3 O-O 8.Bg2 Be5
9.Nh3 Bxc3+ 10.bxc3 Na6 11.c4 Nc5 12.Bb2 Re8 13.O-O Qe7 14.Re1 Nfe4 15.Qc2
c6 16.Nf4 Rac8 17.Rad1 cxd5 18.Nxd5 Qg5 19.e3 b5 20.f3 Nxg3 21.hxg3 bxc4 
22.Qxc4 Bxd5 23.Qxd5 Qxg3 24.Re2 Ne6 25.Be5 Qg6 26.f4 Qg4 27.Qf3 Qh4 28.
Qh3 Qe7 29.Bd6 Qf6 30.Be4 h6 31.Qf5 Qxf5 32.Bxf5 Rc3 33.Kf2 g6 34.Bb1 f5 
35.Ba2 Rc6 36.Rb2 Kh7 37.Bxe6 dxe6 38.Rb7+ Kg8 39.Be5 Rec8 40.Rdd7 Rc2+ 
41.Kf3 1-0

[Event "6th EUR-ch (w)"]
[Site "Chisinau MDA"]
[Date "2005.06.23"]
[Round "12"]
[White "Korbut, Ekaterina"]
[Black "Ionescu, Irina"]
[Result "1-0"]
[WhiteElo "2399"]
[BlackElo "2252"]
[EventDate "2005.06.10"]
[PlyCount "55"]

1.e4 g6 2.d4 Bg7 3.Nc3 c6 4.Be3 Qb6 5.Rb1 d6 6.h3 Nf6 7.Bd3 O-O 8.Nge2 
Nbd7 9.O-O Qc7 10.f4 e5 11.dxe5 dxe5 12.f5 b5 13.a3 a6 14.g4 c5 15.Ng3 b4 
16.axb4 cxb4 17.Na4 Rd8 18.Qf3 Rb8 19.b3 h6 20.h4 Nb6 21.Nxb6 Rxb6 22.g5 
hxg5 23.hxg5 Nh7 24.Bc4 Rd7 25.Rf2 Rc6 26.f6 Bf8 27.Rh2 Rcd6 28.Nf1 1-0

[Event "6th EUR-ch (w)"]
[Site "Chisinau MDA"]
[Date "2005.06.23"]
[Round "12"]
[White "Klinova, Masha"]
[Black "Calzetta Ruiz, Monica"]
[Result "1/2-1/2"]
[WhiteElo "2391"]
[BlackElo "2254"]
[EventDate "2005.06.10"]
[PlyCount "88"]

1.e4 c5 2.Nf3 g6 3.Nc3 Bg7 4.Bc4 Nc6 5.O-O d6 6.d3 Nf6 7.h3 O-O 8.a4 a6 9.
Be3 Bd7 10.Qd2 Qb6 11.Bg5 Be6 12.Nd5 Bxd5 13.exd5 Nd4 14.Nxd4 cxd4 15.a5 
Qc5 16.b4 Qc7 17.Rfe1 Rfe8 18.Rab1 Kf8 19.Qf4 b5 20.axb6 Qxb6 21.Qh4 h5 
22.Bd2 Rec8 23.Ra1 Rc7 24.Ra5 Rca7 25.Kh1 Ne8 26.f4 Bf6 27.Qf2 Ng7 28.g4 
hxg4 29.hxg4 e5 30.dxe6 fxe6 31.Bxe6 Nxe6 32.Rxe6 Rh7+ 33.Kg1 Kf7 34.f5 g5
35.Qg2 Rah8 36.b5 axb5 37.Ra1 Rh1+ 38.Qxh1 Rxh1+ 39.Kxh1 Qc6+ 40.Kg1 Qf3 
41.Ra7+ Kf8 42.Re4 Be5 43.Bxg5 Bh2+ 44.Kxh2 Qf2+ 1/2-1/2

[Event "6th EUR-ch (w)"]
[Site "Chisinau MDA"]
[Date "2005.06.23"]
[Round "12"]
[White "Matnadze, Ana"]
[Black "Charochkina, Daria"]
[Result "1-0"]
[WhiteElo "2376"]
[BlackElo "2183"]
[EventDate "2005.06.10"]
[PlyCount "117"]

1.d4 d5 2.Nf3 Nf6 3.g3 g6 4.Bg2 Bg7 5.O-O O-O 6.c4 dxc4 7.Na3 Nc6 8.Nxc4 
Be6 9.b3 a5 10.Bb2 Bd5 11.Ne3 Be4 12.a3 Qc8 13.Nc4 Rd8 14.e3 h6 15.Qe2 Qe6
16.Rac1 g5 17.h3 g4 18.hxg4 Qxg4 19.Rfe1 Qe6 20.Ncd2 Rd5 21.Nxe4 Nxe4 22.
Nd2 f5 23.Nxe4 fxe4 24.Qc2 Rh5 25.Qc4 Rd5 26.f3 Qf7 27.fxe4 Rg5 28.Qxf7+ 
Kxf7 29.Kh2 Rh5+ 30.Bh3 Ra6 31.Rf1+ Ke8 32.e5 Rb6 33.Rc3 e6 34.Kg2 Ne7 35.
e4 Rg5 36.Bc1 Rg6 37.Bf4 Kd8 38.Rd1 c6 39.Rf3 Ke8 40.Bd2 Ra6 41.Kh2 Ra8 
42.Bf1 b5 43.Be2 h5 44.Rdf1 Kd7 45.Rf7 Rh8 46.Bxa5 Ke8 47.R7f4 h4 48.g4 
Rf8 49.Rxf8+ Bxf8 50.Bb4 Bh6 51.a4 bxa4 52.bxa4 Bg5 53.a5 Nc8 54.Ba6 Be7 
55.Bxe7 Nxe7 56.Bb7 Kd7 57.a6 Nc8 58.Bxc8+ Kxc8 59.Rf8+ 1-0

[Event "6th EUR-ch (w)"]
[Site "Chisinau MDA"]
[Date "2005.06.23"]
[Round "12"]
[White "Hagarova, Zuzana"]
[Black "Rudolf, Anna"]
[Result "1-0"]
[WhiteElo "2386"]
[BlackElo "2210"]
[EventDate "2005.06.10"]
[PlyCount "105"]

1.e4 e6 2.d4 d5 3.Nd2 Nf6 4.e5 Nfd7 5.Bd3 c5 6.c3 Nc6 7.Ne2 cxd4 8.cxd4 f6
9.exf6 Nxf6 10.Nf3 Bd6 11.O-O Qc7 12.Bg5 O-O 13.Bh4 Nh5 14.Qc2 h6 15.Bg6 
Rxf3 16.gxf3 Bxh2+ 17.Kh1 Nf4 18.Ng3 Qd6 19.Rad1 e5 20.Bh7+ Kh8 21.dxe5 
Nxe5 22.Rfe1 Bh3 23.Rxe5 Qxe5 24.Kxh2 g5 25.Bf5 gxh4 26.Bxh3 hxg3+ 27.fxg3
Nxh3 28.Kxh3 Rd8 29.Qd2 Kg7 30.Re1 Qf5+ 31.Kg2 Rf8 32.Qc3+ Kg6 33.g4 Qf6 
34.Re5 d4 35.Qd3+ Kg7 36.Qe4 d3 37.Rb5 b6 38.Qxd3 Qf4 39.Rd5 Rf7 40.Rd6 
Qg5 41.Qd4+ Kh7 42.Rd8 Rg7 43.Qe4+ Qg6 44.Qxg6+ Kxg6 45.Rd6+ Kh7 46.Kh3 
Re7 47.b3 Re1 48.Rd7+ Kg6 49.Rxa7 Kg5 50.Rg7+ Kf4 51.Rf7+ Kg5 52.f4+ Kg6 
53.Rb7 1-0

[Event "6th EUR-ch (w)"]
[Site "Chisinau MDA"]
[Date "2005.06.23"]
[Round "12"]
[White "Nebolsina, Vera"]
[Black "Pokorna, Regina"]
[Result "1/2-1/2"]
[WhiteElo "2302"]
[BlackElo "2374"]
[EventDate "2005.06.10"]
[PlyCount "97"]

1.d4 Nf6 2.Nf3 e6 3.c4 d5 4.g3 c5 5.cxd5 exd5 6.Bg2 Nc6 7.O-O Be7 8.Nc3 
O-O 9.Bg5 c4 10.Ne5 Be6 11.Nxc6 bxc6 12.b3 Qa5 13.Qd2 Rfd8 14.bxc4 Bb4 15.
Bxf6 gxf6 16.Rfc1 c5 17.e4 cxd4 18.Qxd4 dxc4 19.Nd5 Bxd5 20.exd5 c3 21.
Qg4+ Kf8 22.Qh4 Kg7 23.Qg4+ Kf8 24.Be4 Bd6 25.Qh4 Be5 26.Qh6+ Ke7 27.d6+ 
Kxd6 28.Bxa8 Rxa8 29.Qe3 Qb6 30.Qe4 Rc8 31.Rab1 Qc6 32.Qb4+ Qc5 33.Rc2 
Qxb4 34.Rxb4 Kc5 35.Re4 Kd5 36.Ree2 Kc4 37.Kg2 Kd3 38.Kf3 Rb8 39.Rc1 Rb2 
40.Rd1+ Kc4 41.Re4+ Kb5 42.a4+ Kc5 43.Ke3 Ra2 44.Rc1 Ra3 45.Rc2 Bc7 46.Kd3
Ba5 47.Rc4+ Kd5 48.Rf4 Kc5 49.Rc4+ 1/2-1/2

[Event "6th EUR-ch (w)"]
[Site "Chisinau MDA"]
[Date "2005.06.23"]
[Round "12"]
[White "Malysheva, Polina"]
[Black "Ciuksyte, Dagne"]
[Result "0-1"]
[WhiteElo "2301"]
[BlackElo "2356"]
[EventDate "2005.06.10"]
[PlyCount "108"]

1.e4 c5 2.Nf3 e6 3.d4 cxd4 4.Nxd4 a6 5.Nc3 b5 6.Bd3 Qb6 7.Be3 Bc5 8.Be2 
Nc6 9.Nxc6 dxc6 10.Bxc5 Qxc5 11.Qd3 Nf6 12.O-O-O O-O 13.f4 e5 14.f5 a5 15.
g4 a4 16.g5 Nd7 17.g6 fxg6 18.fxg6 h6 19.a3 Rf6 20.Rhf1 Rxg6 21.Bh5 Rf6 
22.Rg1 Kh8 23.Ne2 b4 24.Qg3 Qe7 25.axb4 Rf8 26.Qc3 Rb8 27.Ng3 Nf6 28.Qc5 
Qxc5 29.bxc5 Rb5 30.Rd3 Kh7 31.Be2 Rxc5 32.Rf1 Ba6 33.Ra3 Bxe2 34.Nxe2 Rc4
35.Nc3 Ra8 36.Re1 g5 37.Re3 Ng4 38.Rh3 Rf8 39.Rxa4 Rf1+ 40.Kd2 Rf2+ 41.Kd3
Rxa4 42.Nxa4 Nxh2 43.Nc5 g4 44.Rg3 h5 45.Rg1 Nf3 46.Rc1 g3 47.Ke3 Nd2 48.
Rg1 Nf1+ 49.Kd3 h4 50.Rh1 Nh2 51.Ke3 Rxc2 52.Nd3 g2 53.Rg1 h3 54.Nxe5 Nf1+
0-1

[Event "6th EUR-ch (w)"]
[Site "Chisinau MDA"]
[Date "2005.06.23"]
[Round "12"]
[White "Pogonina, Natalia"]
[Black "Bogza, Adina"]
[Result "1-0"]
[WhiteElo "2355"]
[BlackElo "2297"]
[EventDate "2005.06.10"]
[PlyCount "91"]

1.e4 d6 2.d4 Nf6 3.Nc3 g6 4.Be3 c6 5.Qd2 b5 6.Bd3 Nbd7 7.Nf3 e5 8.dxe5 
dxe5 9.h3 Bb7 10.O-O Bg7 11.a4 a6 12.Ne2 O-O 13.Ng3 Re8 14.c4 bxa4 15.c5 
Bf8 16.Rfc1 Qc7 17.Qc3 Bg7 18.Rxa4 a5 19.Rca1 Nd5 20.exd5 cxd5 21.Bb5 d4 
22.Nxd4 exd4 23.Bxd4 Bxd4 24.Rxd4 Bc6 25.Bxc6 Qxc6 26.Rad1 Nf8 27.Rd6 Qc7 
28.c6 Rac8 29.Qf3 Re1+ 30.Rxe1 Qxd6 31.Rc1 Qd2 32.Qc3 Qd5 33.Nf1 Ne6 34.
Ne3 Qd4 35.Kf1 Qe4 36.f3 Qa4 37.Nd5 Qb5+ 38.Qc4 Qxc4+ 39.Rxc4 Kf8 40.c7 
Ke8 41.Ke2 g5 42.Kd2 f5 43.Kc3 h5 44.Kb3 g4 45.hxg4 hxg4 46.fxg4 1-0

[Event "6th EUR-ch (w)"]
[Site "Chisinau MDA"]
[Date "2005.06.23"]
[Round "12"]
[White "Kursova, Maria"]
[Black "Stepovaya, Tatiana"]
[Result "0-1"]
[WhiteElo "2300"]
[BlackElo "2348"]
[EventDate "2005.06.10"]
[PlyCount "66"]

1.d4 f5 2.g3 Nf6 3.Bg2 e6 4.c4 Be7 5.Nf3 d6 6.O-O O-O 7.Qc2 a5 8.Nc3 Nc6 
9.b3 Qe8 10.Bb2 Qh5 11.Nb5 Bd8 12.a3 Ne7 13.b4 g5 14.bxa5 Bd7 15.Nd2 Bc6 
16.d5 exd5 17.Nd4 Ng4 18.h3 Ne5 19.Nxc6 bxc6 20.f4 gxf4 21.gxf4 Nd7 22.Qc3
Nf6 23.Rf3 Ng6 24.Nf1 Qh6 25.cxd5 c5 26.Ne3 Ne4 27.Nxf5 Rxf5 28.Qe3 Nh4 
29.Qxe4 Nxf3+ 30.Bxf3 Rxf4 31.Qe8+ Rf8 32.Qd7 Bf6 33.Bxf6 Qxf6 0-1